01194cam a22002891 4500001001300000003000400013005001700017008004100034010001700075040003800092043001200130050002400142051002700166100005000193245005800243260004900301300008000350490006300430501016600493504002800659650004300687650004400730650002400774650003900798830005000837999001700887gs 63000207 DLC20260227111412.0770317s1963 dcuab b f000 0 eng c ags 63000207  aU.S. Geol. Survey. Libr.cakdDLC an-us-ak00aTC801b.U2 no. 1590 aGB1025.A3bC4cCopy 2.1 aCederstrom, D. J.q(Dagfin John),d1908-1997.10aGround-water resources of the Fairbanks area, Alaska. aWashington :bU.S. Govt. Print. Off.,c1963. aiv, 84 p. :billus., maps (part fold. in pocket), diagrs., tables ;c24 cm.1 aUnited States. Geological Survey. Water-supply paperv1590 aTC801.U2 no. 1590 with : Ground-water geology of Bexar County, Texas. Washington : U. S. Govt. Print. Off., 1963. Bound together subsequent to publication.5DLC aBibliography: p. 54-55. 0aGroundwaterzAlaskazFairbanks Region. 0aWater-supplyzAlaskazFairbanks Region. 0aWaterxComposition. 0aBoringszAlaskazFairbanks Region. 0aGeological Survey water-supply paper ;v1590. c29710d29710